[Event "Beacon Seniors op"]
[Site "Exmouth"]
[Date "2008.11.19"]
[Round "3"]
[White "Tidy, Norman F"]
[Black "Ryan, Robert A"]
[Result "1/2-1/2"]
[WhiteElo "1432"]
[BlackElo "1392"]
[PlyCount "89"]
[EventDate "2008.11.17"]
[EventType "swiss"]
[EventRounds "5"]
[EventCountry "ENG"]
[SourceTitle "EXT 2011"]
[Source "ChessBase"]
[SourceDate "2010.11.26"]
[SourceVersion "1"]
[SourceVersionDate "2010.11.26"]
[SourceQuality "1"]

1. e4 c5 2. c3 d6 3. d4 cxd4 4. cxd4 e6 5. Nf3 a6 6. Nc3 Nc6 7. Be2 Nf6 8. 0-0 Be7 9. Re1 b5 10. a3 Bb7 11. Bg5 0-0 12. Qd2 Rc8 13. Rad1 Na5 14. Qd3 Nc4 15. Qb1 Nxa3 16. Qd3 Nc4 17. Rb1 b4 18. Bxf6 Bxe4 19. Nxe4 Bxf6 20. Nxf6+ Qxf6 21. Qb3 d5 22. Bxc4 Rxc4 23. Ne5 Rc7 24. Qxb4 Rfc8 25. Qb3 Rc2 26. Qf3 Qe7 27. h4 R2c7 28. h5 h6 29. Nd3 Qh4 30. g4 Rc4 31. Rec1 Qd8 32. Rxc4 Rxc4 33. Ne5 Rc7 34. Kg2 Qd6 35. b4 Qb6 36. Qe3 Rc2 37. Nd7 Qb5 38. Nc5 Rc4 39. Qe5 a5 40. Nd3 axb4 41. Ra1 Rc8 42. g5 Qxd3 43. gxh6 Qe4+ 44. Qxe4 dxe4 45. hxg7 1/2-1/2

[Event "Beacon Seniors op"]
[Site "Exmouth"]
[Date "2008.11.17"]
[Round "1"]
[White "Stoop, Michael"]
[Black "Ryan, Robert A"]
[Result "1-0"]
[WhiteElo "1080"]
[BlackElo "1392"]
[PlyCount "53"]
[EventDate "2008.11.17"]
[EventType "swiss"]
[EventRounds "5"]
[EventCountry "ENG"]
[SourceTitle "EXT 2011"]
[Source "ChessBase"]
[SourceDate "2010.11.26"]
[SourceVersion "1"]
[SourceVersionDate "2010.11.26"]
[SourceQuality "1"]

1. d4 d5 2. Nf3 g6 3. Nc3 Bg7 4. Bf4 a6 5. e3 Nf6 6. Be2 0-0 7. Ne5 c6 8. h4 h5 9. g4 Ne4 10. Nxe4 dxe4 11. gxh5 Bxe5 12. Bxe5 Bf5 13. hxg6 f6 14. Bf4 Bxg6 15. Rg1 Kh7 16. h5 Bf7 17. Bg4 Qd5 18. f3 f5 19. Bh3 Rg8 20. Rxg8 Bxg8 21. Qd2 e6 22. 0-0-0 Qxa2 23. Qg2 Nd7 24. Qg6+ Kh8 25. Rg1 Qa1+ 26. Kd2 Qa5+ 27. c3 1-0

[Event "Beacon Seniors op"]
[Site "Exmouth"]
[Date "2006.11.17"]
[Round "5"]
[White "Ryan, Robert A"]
[Black "Davies, Wreford G"]
[Result "1/2-1/2"]
[WhiteElo "1440"]
[BlackElo "1384"]
[PlyCount "58"]
[EventDate "2006.11.13"]
[EventType "swiss"]
[EventRounds "5"]
[EventCountry "ENG"]
[SourceTitle "EXT 2008"]
[Source "ChessBase"]
[SourceDate "2007.11.25"]
[SourceVersion "1"]
[SourceVersionDate "2007.11.25"]
[SourceQuality "1"]

1. Nf3 d5 2. d4 Bf5 3. Bf4 e6 4. e3 Bd6 5. Bxd6 Qxd6 6. c3 Nf6 7. Be2 0-0 8. 0-0 Nbd7 9. Nbd2 c5 10. Nh4 Bg6 11. Nxg6 fxg6 12. Nf3 c4 13. b3 b5 14. bxc4 bxc4 15. Ng5 h6 16. Nf3 Ng4 17. g3 Ndf6 18. Nh4 Ne4 19. Nxg6 Nxc3 20. Qc2 Nxe2+ 21. Qxe2 Rf6 22. Nf4 Raf8 23. Rab1 e5 24. dxe5 Nxe5 25. Rbd1 Rxf4 26. exf4 Nd3 27. Rxd3 cxd3 28. Qxd3 Rc8 29. Re1 d4 1/2-1/2

[Event "Beacon Seniors op"]
[Site "Exmouth"]
[Date "2006.11.14"]
[Round "2"]
[White "Norman, Dinah M"]
[Black "Ryan, Robert A"]
[Result "1-0"]
[WhiteElo "1720"]
[BlackElo "1440"]
[PlyCount "61"]
[EventDate "2006.11.13"]
[EventType "swiss"]
[EventRounds "5"]
[EventCountry "ENG"]
[SourceTitle "EXT 2008"]
[Source "ChessBase"]
[SourceDate "2007.11.25"]
[SourceVersion "1"]
[SourceVersionDate "2007.11.25"]
[SourceQuality "1"]

1. d4 d5 2. Nf3 Nf6 3. e3 Bg4 4. c4 c6 5. Qb3 Qc7 6. Ne5 e6 7. Nxg4 Nxg4 8. h3 Nf6 9. Nc3 Nbd7 10. cxd5 Nxd5 11. Nxd5 exd5 12. Bd2 Nf6 13. Rc1 Be7 14. Bd3 0-0 15. Qc2 a5 16. a3 Qd6 17. 0-0 Rfd8 18. b4 axb4 19. axb4 g6 20. Ra1 Rab8 21. Rfc1 Rf8 22. b5 Rfc8 23. bxc6 bxc6 24. Ba6 Ne4 25. Bxc8 Rxc8 26. Ra6 Qf6 27. Be1 Ng5 28. Rxc6 Rxc6 29. Qxc6 Nxh3+ 30. gxh3 Qg5+ 31. Kh2 1-0

[Event "Beacon Seniors op 60+"]
[Site "Exmouth"]
[Date "2005.11.15"]
[Round "2"]
[White "Cox, Reginald E"]
[Black "Ryan, Robert A"]
[Result "0-1"]
[WhiteElo "1120"]
[BlackElo "1376"]
[PlyCount "62"]
[EventDate "2005.11.14"]
[EventType "swiss"]
[EventRounds "5"]
[EventCountry "ENG"]
[SourceTitle "EXT 2007"]
[Source "ChessBase"]
[SourceDate "2006.11.23"]
[SourceVersion "1"]
[SourceVersionDate "2006.11.23"]
[SourceQuality "1"]

1. d4 d5 2. Nc3 b6 3. Nf3 e6 4. a3 Nf6 5. Bg5 Be7 6. e3 Bb7 7. Be2 Nbd7 8. Ne5 0-0 9. 0-0 c5 10. Bb5 Rc8 11. Bxf6 Nxf6 12. Be2 cxd4 13. exd4 Qc7 14. Bd3 a6 15. Ne2 Bd6 16. f4 b5 17. c3 Ne4 18. Bxe4 dxe4 19. Ng3 f6 20. Ng4 Bxf4 21. Nh5 Bg5 22. Qb3 Bd5 23. Qc2 Qc4 24. Rfe1 Qxd4+ 25. cxd4 Rxc2 26. Rab1 e3 27. g3 Rg2+ 28. Kh1 Rxb2+ 29. Kg1 Rxb1 30. Rxb1 Bf3 31. Nxe3 Bxe3+ 0-1